[Event "ICS rated blitz match"]
[Site "204.178.125.65"]
[Date "1999.09.18"]
[Round "?"]
[White "Florina"]
[Black "Hossa"]
[Result "0-1"]
[WhiteElo "2067"]
[BlackElo "2438"]
[Annotator "Fritz 5.32 (20s)"]
[PlyCount "42"]
[EventDate "1999.??.??"]

1. e4 1... g6 {Opening = B06 - 1.e4 g6} 2. h4 e5 (2... h6 3. d4 d6 4. h5 g5 5.
c4 Bg7 6. Nc3 Nc6 7. Be3 Nf6 8. f3 a6 9. Nge2 Rb8 10. Nc1 e5 11. d5 Nd4 12. b4
c5 13. Nb3 b6 14. b5 a5 15. g4 Ng8 16. Na4 Ne7 17. Nb2 {
Velimirovic,D-Shamkovich,L/Rio de Janeiro 1979/IZT/0-1 (73)}) 3. h5 Bg7 4. Nc3
$146 (4. d3 d6 5. Nc3 Nc6 6. Be2 Nd4 7. Nf3 Nxe2 8. Nxe2 Bg4 9. Ng3 h6 10. hxg6
fxg6 11. Be3 Qf6 12. Nf1 Bxf3 13. Qxf3 Qxf3 14. gxf3 g5 15. Ng3 Ne7 16. Nh5 O-O
17. Ke2 Ng6 18. Rag1 Nf4+ 19. Bxf4 exf4 20. Nxg7 20... Kxg7 {
0-1 Maksimenko,V-Potapov,E/Moscow 1995/EXT 97 (20)}) 4... Nc6 5. d3 Nh6 6. Be2
d6 7. Be3 f5 8. exf5 Nxf5 9. Qd2 Nxe3 10. fxe3 {Ueberdeckt d4} 10... Qg5 11.
O-O-O 11... Qxg2 $16 (11... O-O $5 $11 {kam sehr in Betracht}) 12. Nf3 {
Mit der Absicht Rdg1} 12... Qg4 13. Rdg1 $11 (13. Nd5 O-O 14. hxg6 hxg6 15.
Nxc7 $18) 13... Qe6 14. d4 (14. hxg6 hxg6 15. Rxh8+ 15... Bxh8 $11) 14... exd4
15. exd4 Qf7 16. Kb1 $15 (16. Ng5 Qg8 17. Re1 17... Kd8 $14 (17... Bxd4 $4 {
Schwarz schlaegt einen vergifteten Bauern} 18. Bc4+ Be6 19. Nxe6 $18 (19. Bxe6
$143 19... Qg7 $18))) 16... Bd7 (16... gxh5 17. Ng5 Qf6 18. Bxh5+ Kd7 19. Bg4+
Kd8 20. Nd5 $18) 17. Ng5 Qf2 18. hxg6 $15 (18. Nb5 O-O-O 19. Ne4 Bh6 20. Qxh6
20... Qxe2 $14) 18... hxg6 {Staerkt h5} 19. Rxh8+ Bxh8 20. Nb5 $4 $19 {
vergroessert seine Probleme} (20. Re1 $142 20... O-O-O 21. d5 $17) 20... Qxg1+
21. Bd1 O-O-O (21... O-O-O 22. Nf7 Rf8 23. Nxh8 23... Rxh8 $19) 0-1

[Event "ICS rated blitz match"]
[Site "204.178.125.65"]
[Date "1999.10.05"]
[Round "?"]
[White "Florina"]
[Black "Hossa"]
[Result "0-1"]
[WhiteElo "2295"]
[BlackElo "2427"]
[PlyCount "94"]
[EventDate "1999.??.??"]

1. e4 c5 2. Nf3 e6 3. d4 cxd4 4. Nxd4 a6 5. Nc3 Qc7 6. g3 Bb4 7. Qd3 Nf6 8. Bg2
d5 9. exd5 Nxd5 10. Bd2 Bxc3 11. bxc3 O-O 12. O-O Nd7 13. Rfe1 Ne5 14. Qe2 Nc4
15. Bxd5 exd5 16. Bf4 Qa5 17. Qf3 Bd7 18. Re7 Rad8 19. Rae1 b5 20. h4 Kh8 21.
h5 Rde8 22. Rxe8 Bxe8 23. h6 Bd7 24. hxg7+ Kxg7 25. Qh5 Kh8 26. Kg2 Qb6 27. Rh1
Qg6 28. Qxd5 Be6 29. Nxe6 fxe6 30. Qd3 Qf7 31. Qe4 Kg8 32. f3 e5 33. Bh6 Rb8
34. Rh4 Kh8 35. Rg4 Rg8 36. Rxg8+ Qxg8 37. f4 Qe6 38. fxe5 Qxh6 39. Qa8+ Kg7
40. Qb7+ Kg8 41. Qc8+ Qf8 42. Qxa6 Ne3+ 43. Kh3 Qf1+ 44. Kh4 Qc4+ 45. Kh3 Qg4+
46. Kh2 Qe2+ 47. Kh3 47... Qh5# {Florina checkmated} 0-1

[Event "ICS rated blitz match"]
[Site "204.178.125.65"]
[Date "1999.09.27"]
[Round "?"]
[White "Florina"]
[Black "Hossa"]
[Result "0-1"]
[WhiteElo "2198"]
[BlackElo "2464"]
[PlyCount "94"]
[EventDate "1999.??.??"]

1. e4 e6 2. d4 d5 3. e5 c5 4. c3 Bd7 5. Nf3 Nc6 6. a4 cxd4 7. cxd4 Bb4+ 8. Nc3
Nge7 9. Bd3 Rc8 10. O-O a6 11. Be3 Rc7 12. Rc1 Bxc3 13. bxc3 h6 14. Nd2 O-O 15.
f4 Na5 16. g4 Qe8 17. f5 Bxa4 18. Qf3 f6 19. exf6 Rxf6 20. Qh3 exf5 21. gxf5
Qc8 22. Kh1 Rxc3 23. Rxc3 Qxc3 24. Bb1 Bc2 25. Qh5 Qxe3 26. Bxc2 Qxd2 27. Qe8+
Kh7 28. Qxe7 Qxc2 29. Kg1 Rxf5 30. Rxf5 Qxf5 31. Qb4 Qg6+ 32. Kf1 b6 33. Qd2
Qf5+ 34. Kg2 Qe4+ 35. Kg1 Nb3 36. Qf2 Qxd4 37. Qxd4 Nxd4 38. Kf2 a5 39. Ke3 Nb5
40. Kd3 a4 41. Kc2 a3 42. Kb3 d4 43. Ka2 d3 44. Kb1 a2+ 45. Kxa2 d2 46. Kb3
d1=Q+ 47. Kb4 47... Qd3 {Florina resigns} 0-1

[Event "ICS rated blitz match"]
[Site "204.178.125.65"]
[Date "1999.10.05"]
[Round "?"]
[White "Florina"]
[Black "Hossa"]
[Result "0-1"]
[WhiteElo "2318"]
[BlackElo "2404"]
[PlyCount "57"]
[EventDate "1999.??.??"]

1. e4 c5 2. Nf3 e6 3. d4 cxd4 4. Nxd4 a6 5. Nc3 Qc7 6. Be3 Ba3 7. Qc1 Nf6 8.
Bd3 Qxc3+ 9. bxc3 Bxc1 10. Rxc1 d5 11. exd5 Nxd5 12. Bd2 O-O 13. f3 e5 14. Ne2
Rd8 15. c4 Ne7 16. Kf2 Nbc6 17. Rhe1 Bf5 18. Bxf5 Nxf5 19. Bc3 Rd7 20. Ng3 Nfd4
21. Ne4 Ne6 22. Rcd1 Rad8 23. Rxd7 Rxd7 24. g4 Kf8 25. Ke2 Ncd4+ 26. Bxd4 Nxd4+
27. Kf2 Nxc2 28. Rb1 Na3 29. Rb3 {Florina resigns} 0-1

[Event "ICS rated blitz match"]
[Site "204.178.125.65"]
[Date "1999.09.08"]
[Round "?"]
[White "Florina"]
[Black "Hossa"]
[Result "0-1"]
[WhiteElo "2065"]
[BlackElo "2520"]
[PlyCount "54"]
[EventDate "1999.??.??"]

1. e4 e6 2. d4 d5 3. Nc3 Nf6 4. e5 Nfd7 5. f4 c5 6. Nce2 cxd4 7. Nxd4 Nc6 8.
Ngf3 Nxd4 9. Nxd4 Bc5 10. c3 O-O 11. Bd3 Qb6 12. b3 g6 13. Be3 f6 14. exf6 Nxf6
15. O-O Bd7 16. Kh1 Rac8 17. Rf3 Ng4 18. Qe2 Nxe3 19. Qxe3 Ba3 20. Rh3 e5 21.
fxe5 Bxh3 22. Qxh3 Bb2 23. e6 Bxa1 24. Qh6 Rxc3 25. h4 Rxd3 26. e7 Rf1+ 27. Kh2
27... Qd6+ {Florina resigns} 0-1

[Event "ICS rated blitz match"]
[Site "204.178.125.65"]
[Date "1999.10.04"]
[Round "?"]
[White "Florina"]
[Black "Hossa"]
[Result "0-1"]
[WhiteElo "2267"]
[BlackElo "2408"]
[PlyCount "70"]
[EventDate "1999.??.??"]

1. e4 c5 2. Nf3 e6 3. d4 cxd4 4. Nxd4 Nf6 5. Nc3 d6 6. g4 h6 7. f3 Be7 8. Be3
O-O 9. Qd2 d5 10. e5 Nfd7 11. f4 Bh4+ 12. Bf2 Bxf2+ 13. Qxf2 Nc6 14. O-O-O Rb8
15. Kb1 Qb6 16. g5 hxg5 17. Rg1 gxf4 18. Qg2 g6 19. Nxc6 bxc6 20. Na4 Qb4 21.
Bd3 Nxe5 22. h4 Qxa4 23. h5 Qd4 24. b3 Nxd3 25. Rxd3 Qe4 26. Qh2 Ba6 27. Rh3
Rb7 28. hxg6 fxg6 29. Rh6 Rg7 30. Qh4 Be2 31. Rh8+ Kf7 32. Rh7 e5 33. Rxg7+
Kxg7 34. Qe7+ Rf7 35. Qh4 35... Bf3 {Florina resigns} 0-1

[Event "ICS rated blitz match"]
[Site "204.178.125.65"]
[Date "1999.09.08"]
[Round "?"]
[White "Florina"]
[Black "Hossa"]
[Result "0-1"]
[WhiteElo "2061"]
[BlackElo "2524"]
[PlyCount "56"]
[EventDate "1999.??.??"]

1. e4 e6 2. d4 d5 3. Nc3 Nf6 4. e5 Nfd7 5. f4 c5 6. Nce2 cxd4 7. Nxd4 Nc6 8. c3
Be7 9. Ngf3 O-O 10. a3 Nxd4 11. cxd4 f6 12. Bd3 Nb6 13. O-O Bd7 14. Kh1 Rc8 15.
Be3 Nc4 16. Qe2 Nxe3 17. Qxe3 Qb6 18. g4 Qxb2 19. Rab1 Qxa3 20. Rxb7 Bc6 21.
Rbb1 fxe5 22. fxe5 Ba4 23. Ng5 Bc2 24. Rxf8+ Bxf8 25. Rd1 Bxd1 26. Bxh7+ Kh8
27. Nf7+ Kxh7 28. Ng5+ 28... Kg6 {Florina resigns} 0-1

[Event "ICS rated blitz match"]
[Site "204.178.125.65"]
[Date "1999.09.07"]
[Round "?"]
[White "Florina"]
[Black "Hossa"]
[Result "0-1"]
[WhiteElo "2049"]
[BlackElo "2516"]
[PlyCount "48"]
[EventDate "1999.??.??"]

1. e4 e6 2. d4 d5 3. Nc3 c6 4. e5 Nd7 5. Nce2 c5 6. c3 cxd4 7. cxd4 Bb4+ 8. Bd2
Bxd2+ 9. Qxd2 Ne7 10. f4 O-O 11. Nf3 f6 12. Ng3 fxe5 13. fxe5 Qb6 14. Bd3 Nc6
15. O-O Ndxe5 16. Kh1 Nxf3 17. Rxf3 Rxf3 18. gxf3 Qxd4 19. Ne2 Qf2 20. Qf4 Nb4
21. Rg1 Nxd3 22. Qg4 g6 23. Nf4 e5 24. Nxd3 24... Bxg4 {Florina resigns} 0-1

[Event "ICS rated blitz match"]
[Site "204.178.125.65"]
[Date "1999.09.07"]
[Round "?"]
[White "Florina"]
[Black "Hossa"]
[Result "0-1"]
[WhiteElo "2045"]
[BlackElo "2520"]
[PlyCount "54"]
[EventDate "1999.??.??"]

1. e4 e6 2. d4 d5 3. Nc3 c6 4. e5 Nd7 5. f4 c5 6. Nf3 cxd4 7. Nxd4 Bc5 8. Nce2
Ne7 9. c3 a6 10. a3 O-O 11. b4 Bxd4 12. cxd4 f6 13. Ng3 fxe5 14. fxe5 Ng6 15.
Bd3 Qc7 16. Bd2 Qb6 17. Bc3 Ngxe5 18. Qe2 Qc6 19. Rc1 Nxd3+ 20. Qxd3 Qd6 21.
Bd2 Qe7 22. Rf1 Qh4 23. Rxf8+ Kxf8 24. Kf1 Qxh2 25. Bf4 Nf6 26. Be5 Bd7 27. Rc7
27... Bb5 {Florina resigns} 0-1

[Event "ICS rated blitz match"]
[Site "204.178.125.65"]
[Date "1999.10.11"]
[Round "?"]
[White "Florina"]
[Black "Hossa"]
[Result "0-1"]
[WhiteElo "2238"]
[BlackElo "2429"]
[PlyCount "52"]
[EventDate "1999.??.??"]

1. e4 d5 2. e5 c5 3. c3 Nc6 4. d4 cxd4 5. cxd4 Qb6 6. Nf3 Bg4 7. Be3 Bxf3 8.
gxf3 Qxb2 9. Nd2 Nxd4 10. Bxd4 Qxd4 11. Bb5+ Kd8 12. O-O Qxe5 13. Re1 Qd4 14.
Qe2 a6 15. Ba4 Qxa4 16. Nb3 e6 17. Rad1 Bb4 18. Rd4 b6 19. Qe5 Nf6 20. Rc1 Ke8
21. Rf4 Qa3 22. Rc7 Bd6 23. Qg5 Bxc7 24. Rxf6 gxf6 25. Qxf6 Rg8+ 26. Kf1 26...
Qxa2 {Florina resigns} 0-1

[Event "ICS rated blitz match"]
[Site "204.178.125.65"]
[Date "1999.10.04"]
[Round "?"]
[White "Florina"]
[Black "Hossa"]
[Result "0-1"]
[WhiteElo "2248"]
[BlackElo "2427"]
[PlyCount "50"]
[EventDate "1999.??.??"]

1. e4 c5 2. Nf3 e6 3. d4 cxd4 4. Nxd4 Nf6 5. Nc3 d6 6. g4 h6 7. f3 Be7 8. Be3
O-O 9. Qd2 d5 10. e5 Nfd7 11. f4 Bh4+ 12. Bf2 Bxf2+ 13. Qxf2 Nc6 14. O-O-O Nxd4
15. Rxd4 Nb8 16. g5 hxg5 17. Rg1 Nc6 18. Bd3 f6 19. fxg5 fxe5 20. Qe2 Nxd4 21.
Qh5 Nf5 22. Rg4 e4 23. Rh4 Nxh4 24. g6 Nxg6 25. Qxg6 25... exd3 {
Florina resigns} 0-1

[Event "ICS rated blitz match"]
[Site "204.178.125.65"]
[Date "1999.09.08"]
[Round "?"]
[White "Florina"]
[Black "Hossa"]
[Result "0-1"]
[WhiteElo "2053"]
[BlackElo "2532"]
[PlyCount "48"]
[EventDate "1999.??.??"]

1. e4 e6 2. d4 d5 3. e5 c5 4. c3 Nc6 5. Nf3 cxd4 6. cxd4 Bb4+ 7. Nc3 Nge7 8. a3
Bxc3+ 9. bxc3 O-O 10. Bd3 f6 11. O-O fxe5 12. dxe5 Kh8 13. Qc2 Nf5 14. g4 Nfe7
15. Nh4 Nxe5 16. Bxh7 Nxg4 17. Ng6+ Nxg6 18. Bxg6 Ne5 19. Kh1 Nf3 20. Rg1 Nxg1
21. Kxg1 Qh4 22. Be3 Qg4+ 23. Kh1 e5 24. Rg1 24... Qf3+ {Florina resigns} 0-1

[Event "ICS rated blitz match"]
[Site "204.178.125.65"]
[Date "1999.09.08"]
[Round "?"]
[White "Florina"]
[Black "Hossa"]
[Result "0-1"]
[WhiteElo "2057"]
[BlackElo "2528"]
[PlyCount "62"]
[EventDate "1999.??.??"]

1. e4 e6 2. d4 d5 3. e5 c5 4. c3 Nc6 5. a3 Nge7 6. Nf3 cxd4 7. cxd4 Nf5 8. b4
Be7 9. Bb2 O-O 10. g4 Nh6 11. h3 f5 12. g5 Bxg5 13. Rg1 Bf4 14. Nbd2 Nf7 15.
Nb3 Bd7 16. Bc1 Bxc1 17. Rxc1 Rc8 18. Qd2 Qe7 19. Be2 b6 20. h4 a5 21. b5 Na7
22. a4 Qa3 23. Rb1 Qxa4 24. Ng5 Nxb5 25. h5 Nc3 26. Nxf7 Nxb1 27. Qh6 Rxf7 28.
Qg5 Qxb3 29. h6 f4 30. hxg7 Rc1+ 31. Bd1 31... Qxd1# {Florina checkmated} 0-1

[Event "ICS rated blitz match"]
[Site "204.178.125.65"]
[Date "1999.10.03"]
[Round "?"]
[White "Florina"]
[Black "Hossa"]
[Result "0-1"]
[WhiteElo "2290"]
[BlackElo "2385"]
[PlyCount "62"]
[EventDate "1999.??.??"]

1. e4 c5 2. Nf3 e6 3. d4 cxd4 4. Nxd4 Nf6 5. Nc3 d6 6. Bg5 Be7 7. Qd2 O-O 8.
O-O-O d5 9. e5 Nfd7 10. Bxe7 Qxe7 11. f4 Nc6 12. Kb1 f6 13. exf6 Qxf6 14. Nxc6
bxc6 15. g3 Kh8 16. Re1 Rb8 17. Ka1 Qe7 18. Nd1 e5 19. fxe5 Nxe5 20. Qd4 Re8
21. Bd3 c5 22. Qf4 Rb4 23. Qf2 Bd7 24. Rhf1 Rbb8 25. a3 Bh3 26. Rg1 Bg4 27. Nc3
d4 28. Nb5 Qd7 29. Qf4 Nxd3 30. Rxe8+ Qxe8 31. Nd6 31... Nxf4 {Florina resigns}
0-1

[Event "ICS rated blitz match"]
[Site "204.178.125.65"]
[Date "1999.10.02"]
[Round "?"]
[White "Frank"]
[Black "Hossa"]
[Result "0-1"]
[WhiteElo "2210"]
[BlackElo "2454"]
[PlyCount "54"]
[EventDate "1999.??.??"]

1. e4 Nf6 2. e5 Nd5 3. d4 d6 4. c4 Nb6 5. f4 dxe5 6. fxe5 Nc6 7. Be3 f6 8. exf6
exf6 9. Nf3 Bb4+ 10. Nc3 Na5 11. c5 Nbc4 12. Qc1 Nxe3 13. Qxe3+ Kf7 14. O-O-O
Re8 15. Qf4 Kg8 16. Bd3 c6 17. Ne4 Be6 18. Nd6 Bxa2 19. Nxe8 Qxe8 20. Rde1 Bxe1
21. Rxe1 Nb3+ 22. Kc2 Qf7 23. Bxh7+ Kxh7 24. Ng5+ fxg5 25. Qxf7 Nxd4+ 26. Kd3
Bxf7 27. Kxd4 27... Rd8+ {Frank resigns} 0-1

[Event "ICS rated blitz match"]
[Site "204.178.125.65"]
[Date "1999.10.05"]
[Round "?"]
[White "Frederico"]
[Black "Hossa"]
[Result "0-1"]
[WhiteElo "2281"]
[BlackElo "2411"]
[PlyCount "26"]
[EventDate "1999.??.??"]

1. d4 Nf6 2. Bg5 Ne4 3. Bh4 d5 4. f3 Nd6 5. Nc3 Nc4 6. Qc1 Nc6 7. e3 Nd6 8. Qd2
g6 9. O-O-O Bg7 10. Kb1 O-O 11. Nge2 Bh6 12. g4 Nc4 13. Qd3 13... Nb4 {
Frederico resigns} 0-1

[Event "ICS rated blitz match"]
[Site "204.178.125.65"]
[Date "1999.10.04"]
[Round "?"]
[White "Frederico"]
[Black "Hossa"]
[Result "0-1"]
[WhiteElo "2296"]
[BlackElo "2391"]
[PlyCount "74"]
[EventDate "1999.??.??"]

1. d4 d5 2. c4 e6 3. Nc3 c5 4. cxd5 exd5 5. Nf3 Nc6 6. g3 Nf6 7. Bg2 cxd4 8.
Nxd4 Bc5 9. Nb3 Bb4 10. O-O Bxc3 11. bxc3 O-O 12. h3 Ne4 13. Bb2 Re8 14. Nd4
Ne5 15. Qb3 Nc4 16. Rfd1 Ned2 17. Qc2 Nxb2 18. Qxb2 Nc4 19. Qc2 Re5 20. Nf3 Bf5
21. Qb3 Rxe2 22. Qxb7 Nb6 23. Nd4 Re7 24. Qc6 Rc8 25. Qb5 Bd7 26. Qb3 Ba4 27.
Qb4 Bxd1 28. Rxd1 Qe8 29. Kh2 Re5 30. Nb5 Qd7 31. Qd4 Re2 32. a4 Rc4 33. Qd3
Rxf2 34. a5 Qxb5 35. axb6 axb6 36. Qxd5 Qxd5 37. Rxd5 37... Kf8 {
Frederico resigns} 0-1

[Event "ICS rated blitz match"]
[Site "204.178.125.65"]
[Date "1999.10.17"]
[Round "?"]
[White "Frederico"]
[Black "Hossa"]
[Result "1-0"]
[WhiteElo "2245"]
[BlackElo "2543"]
[PlyCount "93"]
[EventDate "1999.??.??"]

1. d4 Nf6 2. Nf3 c5 3. e3 cxd4 4. exd4 d5 5. Bd3 Nc6 6. c3 Bg4 7. O-O e6 8. Bf4
Be7 9. Nbd2 O-O 10. Re1 Qe8 11. Qb1 Kh8 12. Ne5 Nxe5 13. Bxe5 Nd7 14. Bf4 Rc8
15. Nf1 Bh5 16. Ne3 Bg6 17. Bxg6 fxg6 18. Bg3 b5 19. a3 Nf6 20. Qd3 Ne4 21. Ng4
Bf6 22. Re3 Bg5 23. Re2 h5 24. Ne5 h4 25. f3 hxg3 26. fxe4 gxh2+ 27. Kh1 dxe4
28. Rxe4 Kg8 29. Rae1 Bf4 30. Nf3 Rc6 31. Qxb5 Qc8 32. Qe2 Rf6 33. d5 Rd6 34.
dxe6 Qe8 35. e7 Rf7 36. Qc4 Bg3 37. Ng5 Rdf6 38. Nxf7 Rxf7 39. Rf1 Bf2 40. Rxf2
Qb5 41. e8=Q+ Kh7 42. Rh4+ Qh5 43. Qexf7 Kh6 44. Qcf4+ Kh7 45. Rxh5+ gxh5 46.
Q4f5+ Kh6 47. Q5xh5# {Hossa checkmated} 1-0

[Event "ICS rated blitz match"]
[Site "204.178.125.65"]
[Date "1999.10.13"]
[Round "?"]
[White "Frederico"]
[Black "Hossa"]
[Result "0-1"]
[WhiteElo "2179"]
[BlackElo "2444"]
[PlyCount "38"]
[EventDate "1999.??.??"]

1. d4 d5 2. c4 e6 3. Nc3 Nf6 4. Bg5 Nbd7 5. cxd5 exd5 6. e3 Be7 7. Bd3 O-O 8.
Nf3 c5 9. O-O Re8 10. Ne5 cxd4 11. exd4 Nxe5 12. dxe5 Ng4 13. Bxe7 Rxe7 14.
Nxd5 Rxe5 15. Nc3 Be6 16. Be2 Qh4 17. h3 Nf6 18. Bf3 Bxh3 19. gxh3 19... Qxh3 {
Frederico resigns} 0-1

[Event "ICS rated blitz match"]
[Site "204.178.125.65"]
[Date "1999.08.30"]
[Round "?"]
[White "GIRONA"]
[Black "Hossa"]
[Result "1-0"]
[WhiteElo "2074"]
[BlackElo "2494"]
[PlyCount "69"]
[EventDate "1999.??.??"]

1. e4 c5 2. Nf3 d6 3. d4 cxd4 4. Nxd4 Nf6 5. Nc3 Nc6 6. Bc4 Nxd4 7. Qxd4 e5 8.
Qd3 Be7 9. Bg5 O-O 10. O-O-O Ne8 11. Be3 Bg5 12. h4 Bxh4 13. g3 Bg5 14. f4 Bf6
15. Nd5 Bg4 16. Rd2 Rc8 17. Rdh2 Bf3 18. Rf1 Bg4 19. Bxa7 Qa5 20. Bb6 Qa4 21.
Bb3 Qd7 22. Rfh1 h6 23. Be3 Bd8 24. f5 b5 25. Bxh6 gxh6 26. Qe3 h5 27. f6 Bxf6
28. Nxf6+ Nxf6 29. Qg5+ Kh7 30. Qxf6 Qf5 31. exf5 Bh3 32. Rxh3 Rxc2+ 33. Bxc2
Kg8 34. Rxh5 Rc8 35. Rh8# {Hossa checkmated} 1-0

[Event "ICS rated blitz match"]
[Site "204.178.125.65"]
[Date "1999.08.31"]
[Round "?"]
[White "GIRONA"]
[Black "Hossa"]
[Result "1/2-1/2"]
[WhiteElo "2023"]
[BlackElo "2496"]
[PlyCount "72"]
[EventDate "1999.??.??"]

1. e4 c5 2. Nf3 d6 3. d4 Nf6 4. Nc3 cxd4 5. Nxd4 a6 6. Bc4 Nxe4 7. Nxe4 d5 8.
Qe2 dxc4 9. Be3 e5 10. Nf3 Nc6 11. Rd1 Qa5+ 12. c3 Qxa2 13. O-O Bg4 14. Rfe1
Be7 15. Bc5 Bxf3 16. Qxf3 Bxc5 17. Nxc5 Qxb2 18. Rd7 O-O 19. Rxb7 Qd2 20. Rd1
Qh6 21. g3 Rac8 22. Rdd7 Na5 23. Ra7 Rxc5 24. Rxf7 Rb8 25. Rxg7+ Qxg7 26. Rxg7+
Kxg7 27. Qg4+ Kh8 28. Qe6 Rb1+ 29. Kg2 Rbb5 30. Qf6+ Kg8 31. Qe6+ Kg7 32. Qe7+
Kg6 33. Qe6+ Kg7 34. Qe7+ Kg6 35. Qe6+ Kg7 36. Qe7+ 36... Kg8 {
Game drawn by repetition} 1/2-1/2

[Event "ICS rated blitz match"]
[Site "204.178.125.65"]
[Date "1999.09.14"]
[Round "?"]
[White "GIRONA"]
[Black "Hossa"]
[Result "0-1"]
[WhiteElo "2052"]
[BlackElo "2326"]
[PlyCount "49"]
[EventDate "1999.??.??"]

1. e4 e5 2. Nf3 Nf6 3. Nc3 Bb4 4. Bc4 d6 5. O-O Bxc3 6. dxc3 Bg4 7. h3 Bxf3 8.
Qxf3 Nc6 9. Bg5 O-O 10. b4 Rb8 11. Rad1 a6 12. a4 h6 13. Be3 b5 14. axb5 axb5
15. Bb3 Ra8 16. Rd2 Ra3 17. Re1 Qe7 18. Qf5 Rfa8 19. f4 Rxb3 20. fxe5 Nxe4 21.
Qxe4 Rxc3 22. Bd4 Rc4 23. Qd5 dxe5 24. Rxe5 Rxd4 25. Qxc6 {GIRONA resigns} 0-1

[Event "ICS rated blitz match"]
[Site "204.178.125.65"]
[Date "1999.10.18"]
[Round "?"]
[White "GTS-Viper"]
[Black "Hossa"]
[Result "1-0"]
[WhiteElo "2713"]
[BlackElo "2530"]
[PlyCount "98"]
[EventDate "1999.??.??"]

1. e4 c5 2. Nf3 e6 3. d4 cxd4 4. Nxd4 a6 5. Bd3 Bc5 6. Nb3 Ba7 7. O-O Nc6 8.
Qe2 Nge7 9. Be3 Bxe3 10. Qxe3 d5 11. e5 O-O 12. N1d2 f6 13. Nf3 fxe5 14. Nxe5
Nxe5 15. Qxe5 Nc6 16. Qh5 h6 17. c3 e5 18. Rad1 Bd7 19. Nc5 Be8 20. Qe2 Qe7 21.
Qe3 Bh5 22. Rd2 Rf7 23. Re1 Re8 24. Nb3 Ref8 25. f3 Qh4 26. Bc2 Rd8 27. Red1
Qc4 28. g4 Rxf3 29. Qxf3 Bxg4 30. Qg2 Bxd1 31. Bxd1 Qe4 32. Qxe4 dxe4 33. Rxd8+
Nxd8 34. Kf2 Nf7 35. Nc5 Nd6 36. Bb3+ Kh7 37. Ke3 Kg6 38. Bd5 b5 39. Nxa6 Kf6
40. Nc5 Ke7 41. b4 Ne8 42. Kxe4 Kd6 43. Nb7+ Kc7 44. Kxe5 Nf6 45. Bf3 Nd7+ 46.
Kd4 g5 47. Na5 Kb6 48. c4 Nb8 49. c5+ 49... Kc7 {Hossa resigns} 1-0

[Event "ICS rated blitz match"]
[Site "204.178.125.65"]
[Date "1999.09.07"]
[Round "?"]
[White "GTS-Viper"]
[Black "Hossa"]
[Result "1-0"]
[WhiteElo "2402"]
[BlackElo "2502"]
[PlyCount "72"]
[EventDate "1999.??.??"]

1. d4 Nf6 2. c4 e6 3. Nc3 Bb4 4. Qc2 O-O 5. a3 Bxc3+ 6. Qxc3 Ne4 7. Qc2 d5 8.
Nf3 Nd7 9. e3 c5 10. Bd3 f5 11. O-O b6 12. cxd5 exd5 13. b3 a5 14. Bb2 Ba6 15.
Bxa6 Rxa6 16. Ne5 Nxe5 17. dxe5 f4 18. exf4 Rxf4 19. Bc1 Rh4 20. g3 Rh3 21. Kg2
Qd7 22. Qd3 b5 23. Rd1 Qf5 24. Qxd5+ Re6 25. f3 Nf2 26. Qa8+ Kf7 27. Rd7+ Re7
28. Qd5+ Qe6 29. Rxe7+ Kxe7 30. Qxc5+ Kf7 31. Qxf2 Qxe5 32. Bb2 Qf5 33. Qa7+
Ke6 34. Re1+ Kd6 35. Qe7+ Kc6 36. Rc1+ 36... Qc5 {Hossa resigns} 1-0

[Event "ICS rated blitz match"]
[Site "204.178.125.65"]
[Date "1999.09.29"]
[Round "?"]
[White "GaryGlitter"]
[Black "Hossa"]
[Result "0-1"]
[WhiteElo "2508"]
[BlackElo "2461"]
[PlyCount "115"]
[EventDate "1999.??.??"]

1. d4 Nf6 2. c4 e6 3. e3 d5 4. Nc3 Bb4 5. Nf3 O-O 6. Be2 dxc4 7. Bxc4 Ne4 8.
Qc2 Nd6 9. Bd3 f5 10. a3 Ba5 11. b4 Bb6 12. Na4 Bd7 13. b5 Bxb5 14. Bxb5 Nxb5
15. O-O Nc6 16. Bb2 Qd5 17. Nxb6 axb6 18. Rfc1 Nd6 19. Ne5 Nxe5 20. dxe5 Ne8
21. Rd1 Qb5 22. Rd2 f4 23. exf4 Rxf4 24. Rc1 Rc8 25. Qc3 c5 26. Rcd1 Nc7 27.
Qh3 Rcf8 28. Qe3 Nd5 29. Qh3 Qe8 30. Qb3 Qg6 31. Rc1 Qg5 32. Rcd1 Rf3 33. Qc4
Nf4 34. g3 Nh3+ 35. Kg2 Qh6 36. Qh4 Qxh4 37. gxh4 Nxf2 38. Rf1 Ne4 39. Rxf3
Nxd2 40. Rxf8+ Kxf8 41. a4 Ke8 42. Kf2 Kd7 43. Ba1 Kc6 44. Ke3 Nf1+ 45. Kf2
Nxh2 46. Kg3 Nf1+ 47. Kf2 Nd2 48. Ke3 Nb3 49. Bc3 b5 50. axb5+ Kxb5 51. Kd3 c4+
52. Ke4 Ka4 53. h5 b5 54. Be1 Ka3 55. Ke3 Kb2 56. Bh4 c3 57. Kd3 c2 58. Bg5 {
GaryGlitter resigns} 0-1

[Event "ICS rated blitz match"]
[Site "204.178.125.65"]
[Date "1999.09.04"]
[Round "?"]
[White "GeorgeVidan"]
[Black "Hossa"]
[Result "1-0"]
[WhiteElo "2240"]
[BlackElo "2567"]
[Annotator "Hiarcs 7.32 (22s)"]
[PlyCount "31"]
[EventDate "1999.??.??"]

1. d3 1... Nf6 {Opening = 1.---} (1... e5 2. Nf3 Nc6 (2... Nf6 3. g3 Nc6 4. Bg2
d6 5. c4 Be7 6. Nc3 O-O 7. O-O Bd7 8. a3 Qc8 9. b4 Bh3 10. Bg5 Bxg2 11. Kxg2
Qe6 12. Qb3 e4 13. dxe4 Nxe4 14. Nxe4 Qxe4 15. Bxe7 Nxe7 16. Rac1 d5 17. cxd5 {
Boldt,D-Brandt,T/Dortmund op 1987/TD 87\03/0-1 (54)}) 3. c4 Bc5 4. Nc3 d6 5. a3
a5 6. Bg5 f6 7. Bd2 Nge7 8. e3 O-O 9. Be2 Kh8 10. O-O Qe8 11. Qc2 Bd7 12. Rfe1
f5 13. Nb5 Bb6 14. b4 axb4 15. axb4 Rxa1 16. Rxa1 {
Tuomala,T-Lammi,J/FIN-chT 1991/EXT 91ch2/1-0 (29)}) (1... e6 2. c3 (2. g3 Nf6
3. Bg2 Be7 4. Nc3 c6 5. e4 d6 6. f4 Qc7 7. Be3 Bd7 8. Qd2 b5 9. a3 a5 10. h3
Na6 11. Qf2 Rb8 12. Nf3 O-O 13. g4 Bc8 14. e5 Nd5 15. Bd2 Nxc3 16. bxc3 16...
Nc5 {Seidel-Bleis/Baden Baden sen 1987/TD 87\04/0-1 (37)}) 2... c5 3. Nd2 d5 4.
Qc2 Nc6 5. Ngf3 Nf6 6. e4 Be7 7. Be2 O-O 8. O-O Qc7 9. Re1 b6 10. Bf1 Bb7 11.
a3 a5 12. a4 {1/2-1/2 Kindermann,S-Klinger,J/Munich zt 1987/CBM 03 (12)}) 2. e3
(2. g3 g6 3. Bg2 Bg7 4. e4 d6 5. f4 c6 6. c3 O-O 7. Nf3 Qc7 8. Qe2 e5 9. Nh4
Rd8 10. f5 d5 11. O-O dxe4 12. dxe4 b6 13. Bg5 Ba6 14. c4 Rd6 15. Nc3 Nbd7 16.
Be3 16... Rd8 {Gogonian,A-Slivinskas,M/WchJM-U18 Szeged 1994/TD 94\01/1-0 (59)}
) 2... d5 3. f4 e6 4. Nf3 4... Bb4+ $11 (4... Bd7 5. Bd2 $15) 5. c3 Bd6 6. Na3
$15 (6. e4 Be7 7. e5 7... Nfd7 $11) 6... Bxa3 $11 (6... Bd7 7. Qb3 Na6 8. d4
$15) 7. bxa3 O-O 8. Ng5 c5 9. Rb1 Nc6 10. d4 $17 (10. Be2 $5 $15 {
muss beachtet werden}) 10... h6 11. h4 $19 (11. Nf3 $5 $15 $142 {
ist vielleicht staerker}) 11... cxd4 $17 (11... Qa5 $5 12. Bb2 $19) 12. exd4
12... hxg5 $4 $16 {vergibt den Vorteil} (12... Qa5 $142 13. Rb3 13... Qc7 $17)
13. hxg5 13... Ne4 $4 {vergroessert seine Probleme} (13... g6 $142 14. gxf6
14... Qxf6 $14) 14. Qh5 f5 15. g6 $1 {huebsch} 15... Qc7 (15... Qh4+ {
hilft allerdings auch nicht} 16. Rxh4 Nxc3 17. Qh7#) 16. Qh7# 1-0

[Event "ICS rated blitz match"]
[Site "204.178.125.65"]
[Date "1999.10.16"]
[Round "?"]
[White "GeorgeVidan"]
[Black "Hossa"]
[Result "0-1"]
[WhiteElo "2210"]
[BlackElo "2418"]
[PlyCount "63"]
[EventDate "1999.??.??"]

1. d4 Nf6 2. e3 g6 3. a3 Bh6 4. Nf3 d6 5. Bd3 Nc6 6. e4 Bxc1 7. Qxc1 e5 8. d5
Nb8 9. h3 Nbd7 10. Qh6 Ng8 11. Qe3 Ne7 12. Qh6 Nf8 13. Qe3 f5 14. g3 fxe4 15.
Bxe4 Nd7 16. Nc3 Nf6 17. O-O-O Nxe4 18. Nxe4 O-O 19. Nfg5 b5 20. g4 Bd7 21. Ne6
Nxd5 22. Rxd5 Bxe6 23. Rxb5 a6 24. Rb4 a5 25. Rb5 Bc4 26. Rb3 Bxb3 27. Qxb3+ d5
28. Rd1 c6 29. Nc5 Rxf2 30. Qe3 Qf6 31. Kb1 Qf3 32. Qg5 {GeorgeVidan resigns}
0-1